000
00249nam a2200109Ia 4500
008
220204s9999 xx 000 0 und d
082
_a
82-3
_b
GUE
100
_a
Guest, Judith
245
0
_a
Second heaven
260
_a
New York
_b
Nal
_c
1982
942
_c
BK
999
_c
37567
_d
37567